| 000 | 00828cad a22002055a 4500 | ||
|---|---|---|---|
| 001 | L153344 | ||
| 008 | 110712e2011 xxk 000 0 eng d | ||
| 035 | _a(Sirsi) u153344 | ||
| 041 | 0 | _aeng | |
| 110 | 2 |
_aMercer _95960 |
|
| 245 | 0 | 0 |
_aCost of living survey 2011 _bCity rankings[electronic resource] |
| 260 | _c2011 | ||
| 490 |
_aWorldwide Cost of Living Survey _v2011 |
||
| 520 | _aSummaries Mercer's annual global Cost of Living Survey by city. Ranks London as the most expensive UK city to live in. Summary of living costs by region. Full report available to purchase from http://www.imercer.com. | ||
| 590 | _aKA | ||
| 651 | 4 | _aINTERNATIONAL | |
| 690 | _aPROPERTY-RESIDENTIAL PROPERTY | ||
| 856 | 4 | 0 |
_uhttps://www.mercer.com/costoflivingpr#City_rankings _zView this item free of charge at www.mercer.com |
| 942 | _n0 | ||
| 999 |
_c83266 _d83266 |
||